000 00767nam a2200205Ia 4500
003 GCL
008 140319s9999 xx 000 0 ara d
040 _aGCL /
_cGCL
082 0 4 _a818.02
_bأ ح
100 1 _aعبدالحميد صالح حمدان
245 1 0 _aكتاب الحكم :
_bعربى - انجليزى /
_cعبدالحميد صالح حمدان
700 1 _aابن عطاءالله الاسكندرى : تاج الدين ابو الفضل احمد بن محمد بن عبدالكريم
250 _aالاولى
260 _aالقاهرة :
_bمكتبة مدبولى
300 _a59 ص ؛
_c24 سم
650 0 4 _aالادب العربى
650 0 4 _aالامثال العربية
650 0 4 _aالامثال العامية
942 _2ddc
_cBK
999 _c4912
_d4912